| 000 | 01594 a2200289 4500 | ||
|---|---|---|---|
| 003 | NUST | ||
| 005 | 20221230141606.0 | ||
| 010 | _a 2005531068 | ||
| 020 | _a0471268011 (alk. paper) | ||
| 040 | _cNust | ||
| 082 | 0 | 0 | _a621.38456,JAI |
| 100 | 1 |
_aJain, Ravi _9106488 |
|
| 245 | 1 | 0 |
_aProgramming converged networks : _bcall control in Java, XML, and Parlay/OSA / _cRavi Jain, John-Luc Bakker, Farooq Anjum. |
| 260 |
_aHoboken, NJ : _bWiley-Interscience, _cc2005. |
||
| 300 |
_axxii, 268 p. : _bill. ; _c25 cm. |
||
| 505 | _aIntroduction (Page-1), The Telephone Network, Converged Networks And Programmability (Page-11), Basic Concepts And Design Issues (Page-35), The Advanced Intelligent Network (Page-59), The Java Telephony API (Page-83), Jain Call Control (Page-107), The Parlay/OSA API (Page-151), Detailed API Design Issues (Page-207), XML Programmability (Page-219), Concluding Remarks And A Look At The Future (Page-235). | ||
| 650 | 0 |
_aCellular telephone systems _xData processing. _9106489 |
|
| 650 | 0 |
_aConvergence (Telecommunication) _997097 |
|
| 650 | 0 |
_aInternet telephony. _955798 |
|
| 650 | 0 |
_aTelephone systems _xData processing. _9106490 |
|
| 700 | 1 |
_aAnjum, Farooq. _993002 |
|
| 700 | 1 |
_aBakker, John-Luc. _9106491 |
|
| 856 | 4 | 2 |
_3Contributor biographical information _uhttp://www.loc.gov/catdir/enhancements/fy0628/2005531068-b.html |
| 856 | 4 | 2 |
_3Publisher description _uhttp://www.loc.gov/catdir/enhancements/fy0628/2005531068-d.html |
| 856 | 4 | 2 |
_3Table of contents only _uhttp://www.loc.gov/catdir/enhancements/fy0628/2005531068-t.html |
| 942 |
_2ddc _cBK _k621.38456,JAI |
||
| 999 |
_c174709 _d174709 |
||